Spieler mit 4+ Toren in einem Bundesliga Spiel - Sudden Death - Statistiken

Allgemein
  • Dieses Quiz wurde 300 mal gespielt
  • Das Durchschnittsergebnis liegt bei 4 aus 17
Answers on the Grid
Answers color-coded by a green-red scale on the quiz's grid according to % correct below.
Andi Möller
Andrej Kramaric
Arjen Robben
Bernard Dietz
Dimitar Berbatov
Erling Haaland
Florian Wirtz
Fritz Walter
Gerd Müller
Giovane Élber
Heung Min Son
Horst Hrubesch
Jürgen Klinsmann
Kalle Rummenigge
Kevin Volland
Lothar Matthäus
Luka Jovic
Mario Basler
Mario Gomez
Max Kruse
Michael Zorc
Miro Klose
Paul Breitner
Pierre-Emerick Aubameyang
Raul
Roland Wohlfarth
Rudi Völler
Serhou Guirassy
Uwe Rahn
Vincenzo Grifo
 
Antwortstatistiken
Antwort % Korrekt
Erling Haaland
69%
Gerd Müller
65%
Andrej Kramaric
50%
Pierre-Emerick Aubameyang
44%
Mario Gomez
35%
Luka Jovic
32%
Kalle Rummenigge
25%
Jürgen Klinsmann
20%
Rudi Völler
18%
Fritz Walter
15%
Horst Hrubesch
15%
Giovane Élber
14%
Roland Wohlfarth
9%
Bernard Dietz
8%
Uwe Rahn
8%
Max Kruse
6%
Michael Zorc
4%
Keine übereinstimmenden Quizze gefunden
Verteilung der Resultate
Anzahl Personen mit jedem Resultat
Perzentil nach korrekt beantworteten Fragen
Ihre Resultats-Entwicklung
Sie haben dieses Quiz noch nicht gespielt